Statistics for Seinfeld Characters by Number of Episodes

Click here to take the quiz!

General Stats

  • This quiz has been taken 509 times
  • The average score is 10 of 13

Answer Stats

# episodescharacter% Correct
172Elaine Benes
99%
173George Costanza
99%
173Jerry
99%
173Kramer
99%
45Newman
97%
26Frank Costanza
87%
20Morty
86%
27Estelle Costanza
80%
21Helen
68%
20J Peterman
58%
28Susan Ross
57%
15Uncle Leo
54%
101Ruthie Cohen (Cashier at Monk's Cafe)
30%

Score Distribution

Percentile by Number Answered

Percent of People with Each Score

Your Score History

You have not taken this quiz